000 00556nam a2200193Ia 4500
999 _c7752
_d7752
008 200103s 1971 ||||xx |||||||||||||| ||und||
082 _a621.815
_bPAT
100 _aPatel, R. C.
245 0 _aMachine Design, Vol. 1
250 _a9th
260 _bAcharya Book Depot
_c1971
_aBaroda
300 _a373 p.: ill.
504 _aIncludes appendix, mathematical tables and index
650 _aMachine designing
650 _aBending moment
650 _aCombined bending and twisting moments
700 _aPandya, A. D.
_eCo-author
942 _cBK